| 000 | 00660nam a22001817a 4500 | ||
|---|---|---|---|
| 003 | OSt | ||
| 005 | 20250822032145.0 | ||
| 008 | 250822b |||||||| |||| 00| 0 eng d | ||
| 020 | _a0-399-14255-X. | ||
| 040 |
_aDWC-Main Lib. _cOC |
||
| 100 | _aD'ADAMO, PETER | ||
| 245 |
_aEat right for your type : _bthe individualized diet solution to staying healthy, living longer and achieving your ideal weight/ _cD'ADAMO, PETER |
||
| 260 |
_aNew York : _bPenguin Putnam, _cc1996. |
||
| 300 |
_axix, 388 pages : _billustrations ; _c24cm. |
||
| 504 | _aIncludes index. | ||
| 650 | _a1. Blood groups. 2. Nutrition. 3. Health. | ||
| 942 |
_2ddc _cBK-CIRC _hCirc. _n0 |
||
| 999 |
_c4166 _d4166 |
||